Представление документа в формате MARC21

Поле Инд. ПП Название Значение
Тип записи a
Библиографический уровень b
001 Контрольный номер RU/IS/BASE/283520967
005 Дата корректировки 20220715140324.6
008 Кодируемые данные 20081225
040 b Код языка каталог. rus
e Правила каталог. PSBO
041 0_ a Код языка текста rus
084 a Индекс другой классификации/Индекс ББК 60.561.4
100 1_ a Автор Варданянц Г. К.
q Полное имя Варданянц Григорий Карлович
245 10 a Заглавие Социальный интерес как мера правовой рациональности
504 a Библиография Библиогр. ссылки. - Примеч.
650 a Основная рубрика социология
a Основная рубрика социология права
653 a Ключевые слова общественные отношения
a Ключевые слова правосознание (правовое сознание)
a Ключевые слова социальные отношения
a Ключевые слова социальный интерес
773 t Заглавие источника Вестник Московского университета. Серия 18, Социология и политология
d Дата издания источника 2008
g Прочая информация № 1. - С. 118 - 123
w Контрольный № источника RU/IS/BASE/279889919
901 t Тип документа b